This Crazy Thing a Life: (Record no. 188384)

MARC details
000 -LEADER
fixed length control field 00591nam a22001817a 4500
005 - DATE AND TIME OF LATEST TRANSACTION
control field 20220520094621.0
010 ## - LCCN (DPL NO)
LC control number ENG-132728
020 ## - INTERNATIONAL STANDARD BOOK NUMBER
International Standard Book Number 9780980296426
Terms of availability 550.00
035 ## - SYSTEM CONTROL NUMBER
System control number EN-116260
037 ## - SOURCE OF ACQUISITION
Source of stock number/acquisition DBAD/PUB
082 ## - DEWEY DECIMAL CLASSIFICATION NUMBER
Classification number 921
100 ## - MAIN ENTRY--PERSONAL NAME
Personal name Freadman, Richard
245 ## - TITLE STATEMENT
Title This Crazy Thing a Life:
Remainder of title Australian Jewish Autobiography/
Statement of responsibility, etc Richard Freadman
260 ## - PUBLICATION, DISTRIBUTION, ETC. (IMPRINT)
Place of publication, distribution, etc Western Australia
Name of publisher, distributor, etc University of Western Australia Press
Date of publication, distribution, etc 2007
270 ## - ADDRESS
Address Crawley, Western Australia
City Western Australia
Postal code 6009
300 ## - PHYSICAL DESCRIPTION
Extent 301p.
Other physical details Index
Dimensions 23cm(pbk)
942 ## - ADDED ENTRY ELEMENTS (KOHA)
Source of classification or shelving scheme Dewey Decimal Classification
Item type English Books
Classification part 921
Call number suffix FRE
Holdings
Withdrawn status Lost status Not for loan Collection code Home library Current library Date acquired Source of acquisition Cost, normal purchase price Full call number Barcode Copy number Cost, replacement price Koha item type
      Non-fiction Patel Nagar Patel Nagar 20/05/2022 DBAD/PUB 550.00 921 FRE EN-116260 1 550.00 English Books

© Delhi Public Library
Hit Counter
free hit counter